Gaming Quiz

Random Gaming or Pokémon Quiz

Pokemon Version Mascots Quiz Stats

 Plays Quiz not verified by Sporcle

Score 0/18 Timer 03:00
0 Plays Today
Version Mascot % Correct
YellowPikachu
99.7%
RedCharizard
98.1%
FireRedCharizard
98.1%
BlueBlastoise
96.4%
GoldHo-Oh
95.8%
SilverLugia
95.8%
HeartGoldHo-oh
95.8%
SoulSilverLugia
95.8%
RubyGroudon
91.6%
Version Mascot % Correct
LeafGreenVenusaur
91.6%
SapphireKyogre
88.6%
EmeraldRayquaza
87.7%
PearlPalkia
86.4%
CrystalSuicune
85.7%
DiamondDialga
85.7%
PlatinumGiratina
81.5%
WhiteZekrom
62.3%
BlackReshiram
60.7%

You're not logged in!

Compare scores with friends on all Sporcle quizzes.
OR
Log In

Show Comments

Extras

Top Quizzes Today


Score Distribution

Your Account Isn't Verified!

In order to create a playlist on Sporcle, you need to verify the email address you used during registration. Go to your Sporcle Settings to finish the process.

Report this User

Report this user for behavior that violates our Community Guidelines.

Details: